Statistiche per Mappa dell'America centrale

Clicka qui per fare il quiz!

Statistiche generali

  • Questo quiz è stato fatto 4.329 volte
  • Il punteggio medio è 10 su 14

Risposte nella Mappa

Le risposte nella mappa del quiz sottostante sono codificate secondo una scala di colori dal rosso al verde in base alla % di persone che hanno risposto correttamente.
 

Statistiche sulle risposte

Risposta% Corretto
Panama
88%
Cuba
83%
Bahamas
74%
Haiti
73%
Giamaica
72%
Repubblica Dominicana
72%
Guatemala
69%
Belize
68%
Trinidad e Tobago
68%
El Salvador
67%
Honduras
66%
Porto Rico (USA)
65%
Costa Rica
64%
Nicaragua
62%

Distribuzione punteggi

Percentile per numero di risposta

Percentuale di utenti per punteggio

I tuoi punteggi nel tempo

Non hai fatto questo quiz